[Event "3rd Kolkata GM Open 2018"]
[Site "Kolkata"]
[Date "2018.05.14"]
[Round "1"]
[White "Gupta, Abhijeet"]
[Black "S M Sharon"]
[Result "1-0"]
[WhiteElo "2619"]
[BlackElo "2204"]
[Annotator "TA"]
[PlyCount "73"]
[EventDate "2018.??.??"]
[EventType "swiss"]
[EventCountry "IND"]
[SourceTitle "playchess.com"]
[Source "ChessBase"]
[SourceQuality "1"]

{[%evp 22,73,45,52,59,68,109,118,137,142,129,145,145,146,124,86,354,252,239,232,858,853,818,733,735,675,656,667,665,618,567,339,359,332,318,260,256,263,262,254,256,260,799,764,752,736,1254,1252,1745,1554,29989,1275,29997,29998]} 1. d4 Nf6 2. c4 g6 3. Nc3 Bg7 4. e4 d6 5. f3 O-O 6. Nge2 c5 7. d5 e6 8. Ng3 a6 9. a4 exd5 10. cxd5 Nbd7 11. Be2 Ne5 {A65: Modern Benoni: 6 e4} (11... Ne8 12. O-O Rb8 13. f4 Nc7 14. e5 dxe5 15. f5 b5 16. d6 Ne8 17. axb5 axb5 18. Nce4 c4 19. Bg5 {½-½ (28) Aronian,L (2780)-Nepomniachtchi,I (2767) Wijk aan Zee 2017}) 12. O-O {LiveBook: 4 Games} h5 13. Bg5 Rb8 $146 {White is slightly better.} ({Predecessor:} 13... Qc7 14. Bd2 Nh7 15. Be3 h4 {½-½ (27) Spassov,L (2383)-Orev,P (2241) Borovec 2002}) 14. f4 Neg4 {Black wants to play ...Ne3.} 15. e5 dxe5 16. fxe5 Nxe5 17. Nce4 $36 {[%mdl 2048] White is on the roll.} Ned7 18. Qc1 {Ra3 is the strong threat.} Qe8 $2 {[%mdl 8192]} (18... b5 $16 {was worth a try.}) 19. Rxf6 ({Don't take} 19. Nxf6+ Nxf6 20. Rxf6 (20. Bxf6 Bxf6 21. Rxf6 h4 $16) 20... Qe5 $18) 19... Qe5 20. Rf2 Qxd5 $2 (20... Qxb2 21. Nf6+ Bxf6 22. Bxf6 Qxc1+ 23. Rxc1 Nxf6) 21. Bc4 $18 Qd4 22. Be3 Qe5 23. Bf4 Qd4 24. Ng5 Ne5 25. Bxe5 Bxe5 26. Nf3 Qf4 27. Qc2 {And now Qxg6+ would win.} Bg7 28. Raf1 b5 29. axb5 axb5 30. Bd5 Qd6 31. Rd1 {[%cal Bf1d1,Bd1d8,Bd8h8][%mdl 32]} Qb6 $2 (31... Be6) 32. Ng5 c4 33. Bxf7+ Rxf7 34. Nxf7 h4 35. Rd8+ Kh7 36. Qd2 (36. Ng5+ $142 Kh6 {[#]} 37. Qe4 $1 {[%mdl 512]} Bg4 38. Qxg4 Qxf2+ 39. Kxf2 Bd4+ 40. Kf3 Rxd8 41. Qxh4+ Kg7 42. Qh7+ Kf6 43. Qf7+ Kxg5 44. Qf4#) 36... hxg3 {[#]} 37. Rh8+ $1 {[%mdl 512] Precision: White = 84%, Black = 34%.} 1-0

[Event "3rd Kolkata GM Open 2018"]
[Site "Kolkata"]
[Date "2018.05.14"]
[Round "1"]
[White "Amonatov, Farrukh"]
[Black "Krishnater Kushager"]
[Result "1/2-1/2"]
[WhiteElo "2608"]
[BlackElo "2195"]
[Annotator "TA"]
[PlyCount "63"]
[EventDate "2018.??.??"]
[EventType "swiss"]
[EventCountry "IND"]
[SourceTitle "playchess.com"]
[Source "ChessBase"]
[SourceQuality "1"]

{[%evp 19,63,-7,0,-20,-5,-26,0,-33,-30,-33,-17,-29,-8,-28,-37,-87,-58,-168,-174,-177,-174,-229,-223,-236,-237,-236,-226,-204,-202,-190,-214,-237,-218,-238,-206,-200,0,-211,0,-204,0,-216,0,-200,0,-206]} 1. e4 e5 2. Nf3 Nc6 3. Bb5 a6 4. Ba4 d6 5. Bxc6+ bxc6 {[%cal Bb7c6,Bc6c5][%mdl 32]} 6. d4 exd4 7. Nxd4 c5 8. Ne2 Nf6 9. Nbc3 {C73: Ruy Lopez: Deferred Steinitz: 5 Bxc6+} (9. O-O g6 10. Nbc3 Bg7 11. Ng3 O-O 12. Bf4 Ng4 13. Qd2 Re8 14. Bg5 f6 15. Bf4 Be6 16. b3 Qd7 {½-½ (36) Breder,D (2463)-Ovsejevitsch,S (2588) Switzerland 2016}) 9... Bb7 10. Ng3 g6 {LiveBook: 4 Games} 11. Bf4 Bg7 12. Qd2 O-O 13. O-O-O Ng4 $146 ({Predecessor:} 13... Re8 14. f3 Qb8 15. Bh6 Bh8 16. h4 Nd7 {½-½ (46) Thipsay,P (2430)-Rodriguez,R (2415) Thessaloniki 1988}) 14. h4 h5 15. Bg5 Qb8 16. f3 Ne5 $1 {[%cal Re5c4] Strongly threatening ...Nc4.} 17. b3 Bc6 $36 {[%mdl 2048] And now ...Qb4 would win. Black is more active.} 18. Rdf1 ({White should try} 18. Nd5 $15) 18... Qb4 $1 $19 19. Nb1 a5 20. Bh6 {[#]} (20. a4 {keeps fighting.}) 20... Qxd2+ $1 21. Bxd2 a4 22. Bc3 axb3 23. axb3 Ra2 {Hoping for ...c4.} 24. f4 {[#]} Bh6 $1 25. Bd2 Ng4 26. Nc3 Ra3 27. Nb1 Ra2 28. Nc3 Ra3 29. Nb1 $1 {[%cal Rb1a3]} Ra2 30. Nc3 Ra3 31. Nb1 $1 {[%cal Rb1a3]} Ra2 32. Nc3 {Precision: White = 53%, Black = 74%.} 1/2-1/2

[Event "3rd Kolkata GM Open 2018"]
[Site "Kolkata"]
[Date "2018.05.14"]
[Round "1"]
[White "Rozum, Ivan"]
[Black "Ajay Karthikeyan"]
[Result "1-0"]
[WhiteElo "2581"]
[BlackElo "2189"]
[Annotator "TA"]
[PlyCount "89"]
[EventDate "2018.??.??"]
[EventType "swiss"]
[EventCountry "IND"]
[SourceTitle "playchess.com"]
[Source "ChessBase"]
[SourceQuality "1"]

{[%evp 23,89,0,19,20,32,20,31,-18,-17,-23,72,66,56,49,65,66,67,58,77,64,66,63,93,87,108,109,131,127,152,160,176,175,211,164,330,329,323,319,327,330,330,328,325,316,308,252,252,252,252,252,252,256,252,254,261,258,247,247,284,247,350,350,345,346,346,346,387,387]} 1. c4 Nf6 2. Nc3 g6 3. g3 Bg7 4. Bg2 O-O 5. d3 d6 6. e4 c5 7. Nge2 Nc6 8. h3 a6 9. Be3 Bd7 10. a4 Rb8 11. O-O Ne8 {[%cal Bf6e8,Be8c7,Bc7e6][%mdl 32]} 12. d4 {[%cal Bd3d4,Bd4d5][%mdl 32] A36: Symmetrical English vs ...g6: 4 Bg2 Bg7} b6 {LiveBook: 4 Games} 13. Kh2 Nc7 14. f4 {White is slightly better.} Na5 $146 ({Predecessor:} 14... e5 15. fxe5 cxd4 16. Nxd4 Nxd4 17. Bxd4 Ne6 18. Be3 Bxe5 19. Bh6 Ng7 {½-½ (32) Stephan,J (2553)-Zarnescu,M (2404) ICCF email 2011}) 15. Qd3 Ne6 16. Ra3 {[#]} Nc6 (16... Nxc4 $1 $11 {[%mdl 512] keeps the balance.} 17. Qxc4 b5 18. axb5 axb5) 17. d5 $1 $16 {[%csl LRc6,LRe6]} Nb4 18. Qd2 Nd4 19. Bxd4 cxd4 20. Na2 $1 {[%cal Ra2b4]} (20. Nxd4 $2 Bxd4 21. Qxd4 Nc2 $17) 20... Nxa2 21. Rxa2 Qc7 22. Rc1 Qa7 23. b3 Rfc8 24. Rd1 ({Reject} 24. Nxd4 $6 b5 $11) 24... Rc5 25. Nxd4 Rbc8 26. Nc2 Qb8 27. Nb4 Qb7 28. Qe3 b5 $2 {[#]} (28... Re8 29. e5 Qa7) 29. axb5 $18 axb5 30. Na6 bxc4 31. Nxc5 Rxc5 32. bxc4 Rxc4 33. Ra7 Qc8 34. Qb3 Rc7 35. Rxc7 Qxc7 36. Rb1 Bf6 37. Qb8+ Qxb8 38. Rxb8+ {[%mdl 4096] Endgame KRB-KB} Kg7 39. Bf1 Ba4 40. Bd3 Bc3 41. Rc8 Bd2 (41... Bf6 $142 42. Kg2 h5) 42. Ra8 Bb3 43. Ra3 Bd1 44. Ra1 Bb3 45. Be2 {Precision: White = 75%, Black = 32%.} 1-0

[Event "3rd Kolkata GM Open 2018"]
[Site "Kolkata"]
[Date "2018.05.14"]
[Round "1"]
[White "Sengupta, Deep"]
[Black "Bhambure, Shantanu"]
[Result "1-0"]
[WhiteElo "2563"]
[BlackElo "2188"]
[Annotator "TA"]
[PlyCount "137"]
[EventDate "2018.??.??"]
[EventType "swiss"]
[EventCountry "IND"]
[SourceTitle "playchess.com"]
[Source "ChessBase"]
[SourceQuality "1"]

{[%evp 18,137,-7,0,0,-12,6,10,12,17,21,0,26,22,22,32,41,29,36,23,39,26,33,0,28,-53,24,18,18,0,2,-25,0,0,11,9,24,21,71,0,0,0,0,0,95,72,72,88,79,83,93,61,139,102,107,100,97,91,131,129,235,240,217,210,204,210,244,256,285,241,235,235,277,277,270,268,263,271,318,316,314,307,315,219,249,244,282,278,286,0,251,235,320,257,276,276,291,307,294,289,297,272,452,330,457,450,450,443,426,389,601,514,522,512,586,396,925,889,891,887,913,892]} 1. c4 e6 2. Nf3 d5 3. e3 Nf6 4. b3 Be7 5. Bb2 O-O 6. Be2 Nbd7 7. O-O {A13: English Opening: 1...e6} b6 8. d3 (8. cxd5 Nxd5 9. d4 Bb7 10. Nbd2 c5 11. Nc4 b5 12. Nce5 Nxe5 13. Nxe5 cxd4 14. Qxd4 f6 {1-0 (33) Kurajica,B (2525)-Pandurevic,M (2257) Sarajevo 2017}) 8... Bb7 9. Qc2 c5 10. Nbd2 {LiveBook: 3 Games} Rc8 11. Rac1 Qc7 12. Qb1 Qb8 13. Qa1 Bd6 14. h3 $146 ({Predecessor:} 14. cxd5 exd5 15. d4 Rfe8 {1-0 (51) Strache,M (2144)-Billing,C (2150) Kelheim 2007}) 14... Rfe8 15. cxd5 exd5 16. d4 a6 17. Rfd1 h6 18. Nh4 Bf8 19. Nf5 Re6 20. Bf3 Bc6 21. Ng3 (21. a4 $11) 21... Bd6 (21... Rxe3 $1 $15 22. fxe3 Qxg3) 22. Ndf1 a5 23. Ne2 a4 24. g3 axb3 25. axb3 Qb7 26. Nf4 Bxf4 (26... Ra8 $5 27. Qb1 $8 Ree8 $11) 27. exf4 c4 28. f5 (28. bxc4 $16 Ra8 29. cxd5 Bxd5 30. Bxd5 Nxd5 31. Qb1) 28... Ree8 $11 29. bxc4 dxc4 30. d5 $1 {[%cal Rd5c6]} Bb5 (30... Nxd5 $11 31. Rxc4 N5f6 32. Rxc6 Rxc6) 31. Bd4 Ra8 32. Qb2 $36 {[%mdl 2048] White is on the roll.} Ba4 33. Re1 Rxe1 34. Rxe1 Re8 ({Better is} 34... Qb8 $14) 35. Ra1 {[%cal Be1a1,Ba1a4,Ba4a8][%mdl 32]} Qa6 36. Ne3 b5 37. Qb4 Rc8 38. Bd1 {[%cal Rd1a4]} Ne4 (38... Ra8 $16 {is a better defense.} 39. Bc2 Kh7) 39. Bxa4 $18 bxa4 40. Rxa4 Qd6 {[#]} 41. Qb7 $1 {[%cal Rb7c8]} Rb8 {[#]} 42. Qc6 $1 c3 43. Qxd6 Nxd6 44. Bxc3 Rb5 45. Ra8+ Kh7 46. Rd8 Rb7 47. Kg2 h5 48. g4 hxg4 49. hxg4 f6 50. Ra8 Ne4 51. Ra3 Nd6 52. Ra6 Ne4 53. Ra3 Nd6 $1 54. Ba1 Kh6 55. Kf3 Kh7 56. Ra6 Nf7 57. Ke2 Nc5 58. Rc6 Ne4 59. Bd4 Kh6 $2 (59... Rb4) 60. Rb6 Rc7 61. f3 Ned6 62. f4 Kh7 63. Kd3 Ra7 (63... Nb7 $142 64. g5 fxg5) 64. Bc5 Rd7 65. Kd4 Nc8 66. Rc6 Ne7 $2 (66... Rd8 67. Nc4 Nh6) 67. Bxe7 {White is clearly winning.} Rxe7 68. d6 Rd7 69. Kd5 {Precision: White = 68%, Black = 34%.} 1-0

[Event "3rd Kolkata GM Open 2018"]
[Site "Kolkata"]
[Date "2018.05.14"]
[Round "1"]
[White "Nihal Sarin"]
[Black "Panda Sambit"]
[Result "1/2-1/2"]
[WhiteElo "2551"]
[BlackElo "2181"]
[Annotator "TA"]
[PlyCount "195"]
[EventDate "2018.??.??"]
[EventType "swiss"]
[EventCountry "IND"]
[SourceTitle "playchess.com"]
[Source "ChessBase"]
[SourceQuality "1"]

{[%evp 11,195,32,34,28,33,40,31,31,20,21,13,6,8,11,16,15,31,0,29,22,22,-4,0,-13,0,0,-1,-1,-3,-4,14,10,14,8,27,0,7,0,0,0,0,0,12,12,12,12,12,12,22,22,22,22,22,7,18,7,7,7,13,13,13,13,18,18,18,18,18,18,18,18,18,18,22,22,22,18,18,18,18,18,18,18,22,22,22,18,29,29,29,29,29,29,29,29,29,18,29,29,29,0,29,18,18,0,29,29,29,22,29,29,29,29,29,18,29,18,29,18,29,18,29,29,29,29,29,13,13,13,13,13,14,0,14,0,0,0,14,8,8,5,8,8,8,8,8,8,8,8,8,0,114,83,85,93,83,83,90,0,0,0,0,0,0,0,0,0,8,8,8,8,8,8,8,8,8,8,8,0,0,0,0,0,0,0,0,0]} 1. e4 e5 2. Nf3 Nc6 3. Bc4 Nf6 4. d3 Be7 5. O-O O-O 6. h3 d6 7. a3 {C55: Two Knights: 4 d3, 4 d4 exd4 5 e5 and Max Lange Attack} Na5 (7... Be6 8. Re1 a5 9. Nc3 Bxc4 10. dxc4 Nb8 11. c5 Nbd7 12. cxd6 Bxd6 13. Bg5 Be7 14. Re3 Re8 {1-0 (37) Areshchenko,A (2677)-Hracek,Z (2612) Minsk 2017}) 8. Ba2 c5 9. Nc3 {White is slightly better.} Nc6 10. Bg5 Be6 $146 ({Predecessor:} 10... Kh8 11. Bxf6 Bxf6 12. Nd5 g6 13. Nxf6 Qxf6 14. Qd2 Kg7 15. Nh2 {½-½ (53) Sanduleac,V (2449)-Malaniuk,V (2529) Galatzi 2007}) 11. Bxf6 Bxf6 12. Nd5 g6 13. c3 Bg7 14. Nd2 Ne7 (14... b5 {is interesting.} 15. b4 a6 16. Nf3 Rc8 17. Ne3 Bd7) 15. Nxe7+ Qxe7 16. Nc4 Bh6 17. Re1 Qc7 18. Ne3 Bxe3 19. Rxe3 Bxa2 20. Rxa2 f5 21. exf5 Rxf5 22. b4 Raf8 23. Rae2 cxb4 24. Qb3+ Qf7 25. Qxf7+ R5xf7 26. axb4 $11 {[%mdl 4096] Endgame KRR-KRR} Rc8 27. c4 b5 28. cxb5 Rb8 29. d4 Rxb5 30. dxe5 dxe5 31. Rxe5 Rxb4 32. f3 Rfb7 33. Re8+ Kf7 34. Ra8 Rb1+ 35. Kh2 Ra1 36. Kg3 Kf6 37. h4 h5 38. Rc8 Ra6 39. Re4 Kg7 40. Kh3 Kf7 41. Rf4+ Rf6 42. Ra4 Kg7 43. Ra8 Rff7 44. Kg3 Rbc7 45. Ra6 Rb7 46. Rd8 Rb6 47. Ra5 Rc6 48. Rd4 Rb6 49. Rda4 Rbb7 50. Ra6 Kh7 51. R4a5 Kg7 52. Ra2 Kh7 53. Re6 Rfe7 54. Rc6 Rec7 55. Rca6 Rf7 56. Rc2 Rfc7 57. Rca2 Rf7 58. R6a5 Kg7 59. Rc5 Rfc7 60. Rg5 Rf7 61. Ra3 Rf6 62. Kh3 Kh7 63. Rc5 Kg7 64. Re3 Rff7 65. Rd5 Rbd7 66. Ra5 Rb7 67. Rea3 Kh7 68. g3 Kg7 69. f4 Kh7 70. Kg2 Kg7 71. Kf3 Kh7 72. Re3 Rfe7 73. Rea3 Rf7 74. Re5 Rbe7 {Threatens to win with ...Rxe5.} 75. Ke4 (75. Rd5 {with more complications.} Rd7 76. Rg5 Rfe7 77. Ra2 Re6 78. Kg2) 75... Kg7 76. Ra6 Rxe5+ 77. fxe5 {KR-KR} Rb7 78. Kd5 Kf7 79. Rf6+ Kg7 80. Rf3 {Hoping for e6.} Rb5+ (80... a5 $1 $11) 81. Kd6 $1 $16 {Black must now prevent e6.} Rb6+ 82. Kd7 Rb7+ {[#]} 83. Kc6 $1 {[%cal Rc6b7]} Rb6+ {[#]} 84. Kc7 (84. Kc5 $1 $16) 84... Re6 $11 {The position is equal.} 85. Re3 Kf7 86. Kd7 {White threatens Rf3+ and mate.} Re7+ 87. Kd6 {Strongly threatening e6+.} Re6+ 88. Kd5 Ra6 89. Rc3 Ke7 90. Rc7+ Ke8 91. e6 Ra3 92. Kd6 {[%cal Rc7c8]} Rd3+ 93. Ke5 {Black should prevent Kf6.} Rxg3 94. Rxa7 {aiming for Kf6.} Rg4 95. Kf6 {[%cal Ra7a8]} Rf4+ 96. Kg5 Rg4+ 97. Kf6 {[%cal Ra7a8]} Rf4+ 98. Kg5 {Precision: White = 51%, Black = 62%.} 1/2-1/2

[Event "3rd Kolkata GM Open 2018"]
[Site "Kolkata"]
[Date "2018.05.14"]
[Round "1"]
[White "Narayanan, Srinath"]
[Black "Jeet, Jain"]
[Result "1-0"]
[WhiteElo "2525"]
[BlackElo "2169"]
[Annotator "TA"]
[PlyCount "93"]
[EventDate "2018.??.??"]
[EventType "swiss"]
[EventCountry "IND"]
[SourceTitle "playchess.com"]
[Source "ChessBase"]
[SourceQuality "1"]

{[%evp 25,93,4,35,26,18,14,26,12,83,77,81,74,65,76,77,73,82,68,72,53,48,53,70,54,56,43,43,43,91,105,62,75,77,86,81,41,56,16,16,12,100,32,89,70,91,74,89,81,70,92,78,72,72,48,127,113,193,193,792,806,758,662,1051,1038,1025,992,943,932,863,858]} 1. e4 e5 2. Nf3 Nc6 3. Bb5 a6 4. Ba4 Nf6 5. O-O b5 6. Bb3 Bc5 7. a4 Rb8 8. c3 d6 9. d4 Bb6 10. a5 {C78: Ruy Lopez: Archangelsk and Möller Defences} Ba7 11. Be3 Bg4 (11... exd4 12. cxd4 Bg4 13. Qc1 Qd7 14. Nbd2 O-O 15. e5 dxe5 16. Nxe5 Nxe5 17. dxe5 Bxe3 18. fxe3 Rbd8 19. exf6 Qxd2 20. fxg7 Kxg7 21. Qc5 Rd6 22. Qe5+ Kg6 23. Rf2 f6 24. Qf4 {1-0 (24) Yu,Y (2760)-Shankland,S (2671) Liaocheng 2018}) 12. Nbd2 O-O 13. h3 Bh5 {LiveBook: 5 Games} 14. Qe1 exd4 15. Nxd4 Nxd4 {[#]} 16. cxd4 $146 ({Predecessor:} 16. Bxd4 c5 17. Bxf6 Qxf6 {1-0 (49) Saric,I (2641)-Rade,M (2428) Sibenik 2015}) 16... Bg6 {[#]} (16... c5 $11 {keeps the balance.}) 17. e5 $1 $16 {[%cal Re5f6]} dxe5 18. dxe5 Bxe3 19. Qxe3 Nd5 {[#]} 20. Bxd5 $1 Qxd5 21. Rfc1 Rbd8 22. Nf1 Rfe8 23. Rc5 Qd3 24. Re1 f6 25. Qc1 fxe5 26. Rxc7 e4 27. Ne3 {Rd1 is the strong threat.} Qd2 28. Qa1 Rf8 29. Rc2 (29. Rf1 {looks sharper.} b4 30. Ra7 Rf6 31. Qd1 Qxd1 32. Rxd1 Rxd1+ 33. Nxd1 Rc6 34. Ne3) 29... Qb4 30. Rf1 Rd2 31. Rxd2 Qxd2 32. b3 {[%cal Bb2b3,Bb3b4][%mdl 32]} Qd6 (32... h6 $11) 33. Qc3 (33. Rd1 $16 Qf4 34. Qb2) 33... Qf6 (33... b4 $1 $14 34. Qc2 Bf7) 34. Qc5 Bf7 35. b4 Be6 36. Nd5 Qf7 37. Ne7+ Kh8 38. Nc6 Rc8 {aiming for ...Qe8.} 39. Ne5 $36 {[%mdl 2048] White has the initiative.} Qf5 (39... Qf6 $14 40. Qd4 Re8) 40. Qd4 Rf8 (40... Rc2 $16) 41. Re1 $18 Bd5 $2 (41... e3 42. Qxe3 Bg8) 42. Qxd5 {White is clearly winning.} Qxf2+ 43. Kh2 e3 {[#]} 44. Rxe3 $3 {[%mdl 512]} Qf4+ (44... Qxe3 45. Nf7+) 45. Rg3 g6 46. Nd3 Qf5 47. Qxf5 {Precision: White = 74%, Black = 46%.} 1-0

[Event "3rd Kolkata GM Open 2018"]
[Site "Kolkata"]
[Date "2018.05.14"]
[Round "1"]
[White "Deepan Chakkravarthy J."]
[Black "Lokesh N"]
[Result "1-0"]
[WhiteElo "2516"]
[BlackElo "1429"]
[Annotator "TA"]
[PlyCount "41"]
[EventDate "2018.??.??"]
[EventType "swiss"]
[EventCountry "IND"]
[SourceTitle "playchess.com"]
[Source "ChessBase"]
[SourceQuality "1"]

{[%evp 15,41,9,33,8,5,10,31,28,32,31,64,64,71,68,86,89,98,90,160,156,362,350,454,446,643,624,710,710]} 1. c4 Nf6 2. Nc3 e6 {[%cal Be7e6,Be6d5][%mdl 32]} 3. e4 d5 4. cxd5 exd5 5. e5 Ne4 6. d4 {A18: English Opening: Flohr-Mikenas System (1 c4 Nf6 2 Nc3 e6 3 e4)} (6. Nf3 Bf5 7. d3 Nxc3 8. bxc3 c5 9. d4 c4 10. g3 Be7 11. Bg2 Bd3 12. Ng1 Qa5 13. Bd2 Nc6 14. Ne2 {½-½ (52) Carlsen,M (2843)-Aronian,L (2794) Karlsruhe/Baden-Baden 2018}) 6... Nc6 7. Bb5 Bb4 8. Qa4 O-O {LiveBook: 9 Games} 9. Bxc6 Bxc3+ 10. bxc3 bxc6 11. Ne2 {h4 is the strong threat.} Bg4 {[#] Strongly threatening ...Bxe2.} 12. Ng3 f6 $146 ({Predecessor:} 12... Nxg3 13. hxg3 f6 {1-0 (28) Juhasz,B (1878)-Paroski,S (2147) Senta 2010}) 13. f3 Nxg3 14. hxg3 {[%cal Bh2g3,Bg3g4][%mdl 32]} Bd7 15. Ba3 Re8 16. Qc2 $36 {[%mdl 2048] White is really pushing.} g6 {[#]} ({Black should try} 16... f5 17. Kf2 a5) 17. Qd2 $1 $16 Bf5 $2 (17... c5 $16) 18. g4 $18 Bc8 19. Kf2 {aiming for Rxh7!White is clearly winning.} (19. Qh6 Qd7 $16) 19... Qd7 (19... c5 $142 20. Qh6 (20. Bxc5 fxe5 21. dxe5 Qd7 $18) 20... Re7 21. exf6 (21. Bxc5 Rf7 $18) 21... Rf7) 20. exf6 Ba6 21. Be7 1-0

[Event "3rd Kolkata GM Open 2018"]
[Site "Kolkata"]
[Date "2018.05.14"]
[Round "1"]
[White "Swapnil, S. Dhopade"]
[Black "Harshini A"]
[Result "1-0"]
[WhiteElo "2505"]
[BlackElo "2154"]
[Annotator "TA"]
[PlyCount "87"]
[EventDate "2018.??.??"]
[EventType "swiss"]
[EventCountry "IND"]
[SourceTitle "playchess.com"]
[Source "ChessBase"]
[SourceQuality "1"]

{[%evp 25,87,69,97,78,142,122,86,106,103,62,72,18,27,26,20,18,17,7,10,9,44,37,52,41,99,95,211,95,172,10,10,12,30,18,42,17,114,115,237,237,289,288,280,283,12839,12839,12840,12840,12840,12840,12841,12842,12842,12843,12843,12843,12844,12844,12845,12845,12847,12847,12848,12847]} 1. Nf3 Nf6 2. c4 g6 3. Nc3 d5 4. cxd5 Nxd5 5. Qb3 Nb6 6. d4 Bg7 7. e4 O-O 8. Be3 Bg4 9. Rd1 Nc6 10. d5 Ne5 11. Be2 Nxf3+ 12. gxf3 Bh3 {D99: Grünfeld: Russian System: 7 e4 Bg4 8 Be3 Nfd7 9 Qb3} (12... Bh5 13. a4 Qc8 14. h4 c6 15. a5 Nd7 16. Kf1 Ne5 17. Kg2 Kh8 18. d6 exd6 19. Rxd6 f5 20. f4 Bxe2 21. Nxe2 Nf7 22. Re6 Nd8 23. Re7 fxe4 24. Ng3 Bf6 25. Rxe4 Nf7 26. h5 Qg4 27. f5 {1-0 (27) Iturrizaga Bonelli,E (2650)-Bykhovsky,A (2496) chess.com INT 2018}) 13. Rg1 Qc8 {LiveBook: 7 Games} 14. Rg3 Bf6 $146 (14... Bd7 $142) ({Predecessor:} 14... Bd7 15. a4 Qe8 16. a5 Ba4 17. Nxa4 Qxa4 18. Qxa4 Nxa4 19. b3 Nc3 20. Rc1 c6 21. dxc6 bxc6 22. Bc4 Rfd8 23. Rg5 Na2 24. Rb1 Nc3 25. Rc1 Na2 26. Rb1 Nc3 {½-½ (27) Antonsen,M (2457)-Pilgaard,K (2424) Helsingor 2012}) 15. Bh6 Rd8 16. f4 $1 Bh4 17. Nb5 Bxg3 18. Qxg3 (18. Qc3 $1 $16 {[%csl Gh6][%cal Rc3g7]} Bxf2+ 19. Kxf2) 18... c6 $1 $11 {[%cal Rc6b5]} 19. Nd4 cxd5 20. f5 $1 {Threatens to win with Qe5.} dxe4 {aiming for ...Qc5.} 21. Qxh3 Qc5 22. Qe3 Rd5 23. Qxe4 $40 {[%mdl 128] White has some attack.} Rad8 {[%cal Rd5d4]} 24. Be3 Qb4+ {[#]} ({Better is} 24... Nc4 $14) 25. Rd2 $1 $16 R8d7 (25... Qc5 $16) 26. a3 (26. Bg4 $18 {Black must now prevent fxg6.} h5 27. fxg6 hxg4 28. gxf7+ (28. Qxg4 Qd6 $17) 28... Kxf7 29. Qe6+ (29. Qxg4 R7d6 $17) 29... Kg7 30. Qxg4+ Kh8 31. Qh3+ Kg8 32. Qe6+ Kg7 33. Bh6+ Kh7 34. Qe4+ Kxh6 35. Nf5+ Kg5 36. Qxb4 Rxd2 37. Ne3 (37. Nxe7 R2d4 $18)) 26... Qc5 (26... Qd6 $16) 27. f4 $2 (27. Bg4 $18) 27... Qc1+ $1 $11 28. Rd1 ({But not} 28. Kf2 $2 {[#]} Qxd2 $1 {[%mdl 512]} 29. Bxd2 Rxd4 $17) 28... Qxb2 29. fxg6 $1 hxg6 30. f5 $1 {[%cal Rf5g6]} Qc3+ (30... R5d6 $1 $11 {remains equal.}) 31. Kf2 $16 R5d6 (31... Qc7 $16) 32. Nb5 $18 Qf6 33. Nxd6 Rxd6 34. Rxd6 exd6 $2 (34... Qxd6 35. fxg6 (35. Qxb7 Nd5 $18) 35... Qxh2+ 36. Ke1 Qg3+ 37. Kd2 Qd6+ 38. Bd3 fxg6) 35. Bd4 {White is clearly winning.} Qxf5+ 36. Qxf5 gxf5 37. Bxb6 axb6 {[%mdl 4096] Endgame KB-KP} 38. Ke3 Kg7 39. Kf4 Kg6 40. Bf3 Kf6 41. Bd5 Kg6 42. Bxb7 Kh5 43. Kxf5 Kh4 44. Bg2 {Precision: White = 67%, Black = 31%.} 1-0

[Event "3rd Kolkata GM Open 2018"]
[Site "Kolkata"]
[Date "2018.05.14"]
[Round "1"]
[White "Mehdi Hasan Parag"]
[Black "Short, Nigel D"]
[Result "0-1"]
[WhiteElo "2207"]
[BlackElo "2656"]
[Annotator "TA"]
[PlyCount "52"]
[EventDate "2018.??.??"]
[EventType "swiss"]
[EventCountry "IND"]
[SourceTitle "playchess.com"]
[Source "ChessBase"]
[SourceQuality "1"]

{[%evp 27,52,-46,-45,-203,-181,-205,0,0,0,-178,-183,-281,-267,-270,-254,-346,-346,-333,-337,-327,-321,-353,-364,-613,-612,-604,-592]} 1. e4 c5 2. Nf3 d6 3. d4 cxd4 4. Nxd4 Nf6 5. Nc3 a6 6. Be3 Nbd7 7. f3 e6 8. Qd2 b5 9. O-O-O Bb7 10. g4 Nb6 11. Qf2 Nfd7 12. h4 {B80: Sicilian Scheveningen: 6 g3 and 6 Be3, including English Attack} (12. Nb3 Rc8 13. Ne2 Nc4 14. Bd4 e5 15. Bc3 Be7 16. h4 Ndb6 17. Na5 Ba8 18. Kb1 Qc7 19. Nxc4 Nxc4 {0-1 (28) Olszewski,M (2540)-Jakubowski,K (2526) Katowice 2017}) 12... Rc8 13. Kb1 Rxc3 14. bxc3 Qc7 {LiveBook: 3 Games} 15. Bxb5 $146 (15. g5 $1 $15) ({Predecessor:} 15. Qe1 Be7 16. g5 d5 17. e5 Na4 18. Bd2 Nxe5 19. f4 Nd7 20. Bd3 {0-1 (46) Akatova,E (2320)-Zawadzka,J (2397) Plovdiv 2008}) 15... axb5 $19 16. Nxb5 Qc6 $2 (16... Qc4 $1 $19 {[%cal Rc4b5]} 17. Qf1 Qc6) 17. Na7 $1 $11 {[%cal Ra7c6]} Qc7 $2 (17... Qxc3 $11 18. Rd3 Qc7) 18. Nb5 $19 {[#]} Qc4 $1 {[%cal Rc4b5]} 19. Nxd6+ (19. Qf1 {was necessary.} Qc6 20. Na7 Qxc3 21. Rd3) 19... Bxd6 20. Rxd6 Na4 {[%cal Bb6a4,Ba4c3,Bc3e4][%mdl 32]} ({Not} 20... Qb5+ 21. Ka1 $15) 21. Rd4 Qb5+ 22. Kc1 Qb2+ ({Much less strong is} 22... Nxc3 23. Rd3) 23. Kd1 Nxc3+ 24. Kd2 Ba6 {And now ...e5 would win.} (24... Nxa2 $2 25. Ke1 $19) 25. Qh2 $2 (25. Bg5 Nxa2 26. Rxd7 Qb4+ 27. Ke3 Kxd7 28. Qd2+ Qxd2+ 29. Kxd2) 25... e5 (25... Ne2 $2 {[#]} 26. Qd6 $1 $19 {[%mdl 512]}) 26. Rd6 {[#]} Nxe4+ $1 {[%mdl 512]} 0-1